Quizzes
Events
Quiz Creation
Community
Videos
Private Events
Remove Ads
Sign In
Join for FREE
Feedback
Dark Mode
Quiz Categories
Sports
Geography
Music
Movies
Television
Just For Fun
Miscellaneous
History
Literature
Language
Science
Gaming
Entertainment
Religion
Holiday
For Kids
Quiz Lab
Recent
Popular Today
Quiz Kudos Today
Editor Picks
Curator Picks
Quizzes by...
Day
Popularity
Type
Ratings
Length
Year
Community
Subscriptions
Recent Discussions
Orange Saloon
Badges
Playlists
Quests
Create
Leaderboards
Showdown
Live 5
Trivia Bingo
Activity
Puzzle Library
Sporcle Events
Private Events
Virtual Trivia
Globe League
Become a Host
Pub Owners
SporcleCon
Opinionation
Our Games
Videos
Blog
Mobile Apps
Partnerships
Remove Ads and Go Orange
Feedback
Religion
Mythology
Religious Music
World Religions
Bible
Christianity
Catholicism
Judaism
Church
Scripture
Islam
Verse
Religion
Mythology
Religious Music
World Religions
Bible
Christianity
Catholicism
Judaism
Church
Scripture
Islam
Verse
Random Quiz
Search Sporcle
×
Quiz Lab
Quiz Lab
Religion
US Presidents
Select answers by clicking on text or image buttons
Select answers by clicking on text or image buttons
Clickable
Best Score? Go Orange.
Clickable Religion by US President Stats
Can you pick the US Presidents by Religion?
By
Tbones78
3m
44 Questions
538 Plays
538 Plays
538 Plays
Comments
Comments
Give Quiz Kudos
Give Quiz Kudos
-
- Ratings
hide this ad
Forced Order
Answers have to be entered in order
Answers have to be entered in order
Random Order
Randomize order of answers
Randomize order of answers
Replay
Link that replays current quiz
Next Quiz
Link to next quiz in quiz playlist
You Got
0%
They Got
Avg Score
52%
Avg Friend Score
Upgrade to see
Score Distribution
Jump to the score distribution portion of the page
Score
0/44
Timer
03:00
0
Plays Today
% Correct
???
69.5%
???
58.7%
???
57.5%
???
57.5%
???
56.4%
???
56.1%
???
56.1%
???
55.9%
???
55.7%
???
55.7%
???
55.3%
???
55.3%
???
55.3%
???
54.7%
???
54.2%
???
54.2%
???
53.8%
???
53.6%
???
53.6%
???
53.6%
???
53.3%
???
53.1%
% Correct
???
52.9%
???
52.9%
???
52.7%
???
52.5%
???
52%
???
51.8%
???
51.6%
???
51.4%
???
50.8%
???
50.5%
???
50.3%
???
49.7%
???
49.3%
???
48.8%
???
48.8%
???
48.6%
???
48.2%
???
47.9%
???
47.7%
???
47.1%
???
46.2%
???
46.2%
Quiz Playlist
Details
Report
Send in Message
Add To Playlist
Clickable:
Select answers by clicking on text or image buttons
Forced Order:
Answers have to be entered in order
Random Order:
Randomize order of answers
Last Updated: Apr 29, 2017
Quiz Scoreboard
CHALLENGE
Sign Up to Join the Scoreboard
Show All
Scores
Hide
Comments
May contain spoilers
Recently Published
Presidents Visiting Landmarks
by Hejman
History
7m
An Introduction to Baseball
by treessimontrees
Sports
5m
Movies - When Are They Set?
by FPL_Elf
Movies
5m
More to Explore
Quiz From the Vault
Featured Blog Post
Where Did the Easter Bunny Come From?
hide this ad
You Might Also Like...
Tags
Clickable Quiz
US Presidents Quiz
Today's Top Quizzes in Religion
Browse Religion
hide this ad
Today's Top Quizzes in US Presidents
Browse US Presidents
Top Contributed Quizzes in Religion
1
5-to-1: Children of Gods
2
5-to-1: European Churches
3
One Thing in Common: Mythology
4
10 to 1: Islam
5
Order Up: Seven Last Words of Christ
6
One Thing in Common: Mythology II
7
Prime Time: Religion
8
Religion Who Wants To Be A Millionaire
9
10 to 1: Protestantism
10
10 to 1: Norse Religion
Explore More
Trending Topics
NBA
Anime
Disney
Marvel
Crossword
Kpop
Harry Potter
Song
Puzzle
The Office
WWE
NFL
Soccer
Pokémon
Country
hide this ad
More By:
Tbones78
Quiz
Plays
Rating
Category
Featured
Created
NFL Clickable Chain
32,243
2.12
Sports
Feb 7, 2013
Baby Beasts A-Z
27,325
4.64
Science
Oct 13, 2011
Clickable NBA Players Nicknames
23,340
3.00
Sports
Dec 17, 2012
Gimme a T: Geography
8,330
4.29
Geography
Sep 27, 2011
Clickable NFL Player Nicknames
7,213
2.29
Sports
Dec 17, 2012
Go to Creator's Profile
Score Distribution
Quiz Creator Spotlight
Tbones78
Follow
Send a Message
Quizzes Created
-
Created Quiz Play Count
-
More By This Creator
Popular Quizzes Today
1
Find the US States - No Outlines Minefield
2
Find the Countries of Europe - No Outlines Minefield
3
The Countries of the World
4
Find the US States
5
Popular People in 1961
6
US States
7
Risky Map Clicking: Biggest States A-Z
8
Movies - When Are They Set?
More Religion Quizzes
Not Only... But Also: World Religions
Quiz Lab
Trending Quizzes
Risky Map Clicking: Least Populous States A-Z
1-10 Letter G Words
1-10 Letter F Words
Risky Map Clicking: Next State Alphabetically
Risky Map Clicking: Biggest States A-Z
Recently Updated
Leaping Animals
pecheneg
Reality TV Shows (A-Z)
bhenderson79
Rickey Henderson's Hall of Fame Teammates
pecheneg
Champions League XIs: Arsenal
pecheneg
Quick Pick: Celebrities in WWE's Hall of Fame
aduchscher
A-Z Keypad Blitz II
pecheneg
Multiple Oscar Actors
pecheneg
Mystery Phrase Blitz: Oscar 'Best Actors'
pecheneg
F. Scott Fitzgerald Novels
LTH
Pick 3 Villains
ddd62291
Trending Topics
Marvel
Anime
Harry Potter
Crossword
NBA
Disney
Kpop
Song
The Office
Pokémon
Soccer
Puzzle
NFL
WWE
Country
Your Account Isn't Verified!
In order to create a playlist on Sporcle, you need to verify the email address you used during registration. Go to your
Sporcle Settings
to finish the process.
Report this User
Report this user for behavior that violates our
Community Guidelines
.
Details:
Send Report
Go to the Sporcle.com Mobile Site →
Comments